Countries Named After Rivers - Statistics

General Stats
  • This quiz has been taken 44 times
  • The average score is 8 of 12
Answer Stats
River Country % Correct
Congo DR Congo
95%
Congo Republic of Congo
95%
Niger Niger
88%
Niger Nigeria
83%
Indus India
75%
Gambia Gambia
60%
Uruguay Uruguay
60%
Paraguay Paraguay
58%
Senegal Senegal
55%
Zambezi Zambia
55%
Jordan Jordan
40%
Bosna Bosnia and Herzegovina
13%
No matching quizzes found
Score Distribution
Percent of People with Each Score
Percentile by Number Answered
Your Score History
You have not taken this quiz